00741cam a2200217 a 450000100100000000500170001000800410002702000150006804000250008308200240010810000380013224500460017025000110021626000330022730000210026044000410028165000280032265000310035095201270038199900150050800000151920200929145615.0760130s1969 sp 000 0 spa  a8423308022 aDO-SdBNPbspacBNPHU a863.42bF363b, 19691 aFernández Santos, Jesús9353214aLos bravos /cJesús Fernández Santos. a3a ed. aBarcelona :bDestino,c1969. a236 p. ;c19 cm. 0aÁncora y delfín ;vno. 17494704 4aNovela española91123 4aLiteratura española9632 001052708MOaGRbGRcHDd2009-06-30iLF1l0o863.42 F363b, 1969p1519-10r2020-06-25w2020-06-25y2ZPréstamo interno c1423d1423